000 00452nam a22001697a 4500
005 20230417104021.0
040 _curs
050 _aS 591 b73 1985
100 _94470
_aBrady, Nyle C.
_eauthor
245 _aThe nature and properties of soils
_cNyle C. Brady
250 _aNinth edition
336 _2rdacontent
_atext
_btxt
337 _2rdamedia
_aunmediated
_bn
338 _2rdacarrier
_avolume
_bnc
650 0 _94471
_aSoil science
942 _2lcc
_cFR
999 _c69197
_d69196